Statistics for Sport Event Quiz 1

Click here to take the quiz!

General Stats

  • This quiz has been taken 7 times
  • The average score is 6 of 10

Answer Stats

Answer% Correct
High Jump
100%
Curling
86%
Hurdling
71%
Shot Put
71%
Cricket
57%
Discus Throw
57%
Pole Vault
57%
Equestrian
43%
Long Jump
43%
Javelin Throw
29%

Score Distribution

Percentile by Number Answered

Percent of People with Each Score

Your Score History

You have not taken this quiz